Statistiques concernant Personnages de la trilogie Xenoblade Chronicles

Cliquez ici pour prendre le quiz!

Statistiques générales

  • Ce quiz a été pris 26 fois
  • Le résultat moyen est 18 sur 19

Statistiques - réponses

Xenoblade Chronicles% Correct
Dunban
100%
Nia
100%
Noah
100%
Rex
100%
Riki
100%
Sharla
100%
Shulk
100%
Fiora
96%
Melia
96%
Mio
96%
Mòrag
96%
Reyn
96%
Lanz
92%
Tora
92%
Zeke
92%
Eunie
88%
Taion
88%
Sena
84%
Vandham
64%

Distribution des résultats

Percentile par nombre de réponses

% des personnes avec chaque résultat

Votre développement - résultats

Vous n’avez pas pris ce quiz